Top 10 músicas românticas - Statistics

Estatísticas Gerais
  • Esse quiz foi jogado 134 vezes
  • A pontuação média é 5 de 10
Estatísticas das Respostas
Hint Resposta % Correto
Perfect Ed Sheeran
94%
Whitney Houston I Will always love you
80%
All of me John Legend
74%
Céline Dion My heart will go on
68%
A thousand years Christina Perri
58%
Vanessa Carlton A thousand Miles
32%
Elvis Presley Love me tender
18%
Beyoncé Love on top
16%
Lucky Jason Mraz feat. Colbie Caillat
8%
Ain’t No Mountain High Enough Marvin Gaye e Tammi Terrell
5%
Nenhum quiz correspondente encontrado
Distribuição das Pontuações
Porcentagem de Pessoas com Cada Pontuação
Percentil de Números Respondidos
Sua Pontuação Histórica
Você não jogou esse quiz